| 000 | 00899nam a2200253Ia 4500 | ||
|---|---|---|---|
| 003 | OSt | ||
| 005 | 20220926011345.0 | ||
| 006 | a|||||r|||| 00| 0 | ||
| 007 | ta | ||
| 008 | 220923b |||||||| |||| 00| 0 eng d | ||
| 020 |
_a9780691173795 _c1792.15 |
||
| 037 |
_b111791, 14/02/2018, International Book Distrobutors _cGeneral Book |
||
| 040 |
_aRTL _cRTL _beng |
||
| 041 |
_2eng _aeng |
||
| 082 | _aV2,K,E:3(X:54).L57<-K00, Q4 | ||
| 100 |
_aERIKSON Emily _9314043 |
||
| 245 | 0 |
_aBetween monopoly and free trade _b The English East India Company, 1600-1757 |
|
| 260 |
_aNew Jersey _bPrinceton University Press _c2014 |
||
| 300 |
_axiii,252p _ccm. |
||
| 500 | _aBibliography chapterwise | ||
| 650 | _aGeography | ||
| 942 |
_hV2,K,E:3(X:54).L57<-K00, Q4 _cGB _2CC |
||
| 999 |
_c619846 _d619846 |
||